सूखे सुनसान नालों में : (Record no. 119705)

MARC details
000 -LEADER
fixed length control field 01174nam a22002537a 4500
005 - DATE AND TIME OF LATEST TRANSACTION
control field 20170124103146.0
010 ## - LIBRARY OF CONGRESS CONTROL NUMBER
LC control number B-176437
020 ## - INTERNATIONAL STANDARD BOOK NUMBER
Terms of availability 200.00
International Standard Book Number 8170436516
035 ## - SYSTEM CONTROL NUMBER
System control number B-176437
037 ## - SOURCE OF ACQUISITION
Source of stock number/acquisition Cen Lib/Ret
040 ## - CATALOGING SOURCE
Original cataloging agency DPL
Language of cataloging HN
082 ## - DEWEY DECIMAL CLASSIFICATION NUMBER
Classification number
Item number सिद्धांता
100 ## - MAIN ENTRY--PERSONAL NAME
Personal name सिद्धांतालंकार, श्रीनिधि
9 (RLIN) 86352
245 ## - TITLE STATEMENT
Title सूखे सुनसान नालों में :
Statement of responsibility, etc श्रीनिधि सिद्धांतालंकार
Remainder of title रोमांचक शिकार-प्रसंग /
246 ## - VARYING FORM OF TITLE
Title proper/short title Sookhe sunsaan nalon me : romanchak shikar-prasang /
Remainder of title by Shrinidhi Siddhantalankar
260 ## - PUBLICATION, DISTRIBUTION, ETC. (IMPRINT)
Place of publication, distribution, etc दिल्ली
Name of publisher, distributor, etc आत्माराम एंड संस
Date of publication, distribution, etc 2005
270 ## - ADDRESS
Address 1376, कश्मीरी गेट
City दिल्ली
Postal code 110006
300 ## - PHYSICAL DESCRIPTION
Extent 200पृ.
Dimensions 20सेमी(सजिल्द)
650 ## - SUBJECT ADDED ENTRY--TOPICAL TERM
Topical term or geographic name as entry element हिन्दी -- कहानी
9 (RLIN) 779
650 ## - SUBJECT ADDED ENTRY--TOPICAL TERM
Topical term or geographic name as entry element हिन्दी -- साहित्य
9 (RLIN) 86353
650 ## - SUBJECT ADDED ENTRY--TOPICAL TERM
Topical term or geographic name as entry element Hindi - story
9 (RLIN) 43117
650 ## - SUBJECT ADDED ENTRY--TOPICAL TERM
Topical term or geographic name as entry element Hindi literature
9 (RLIN) 86354
942 ## - ADDED ENTRY ELEMENTS (KOHA)
Source of classification or shelving scheme Dewey Decimal Classification
Koha item type Hindi Books
Classification part
Call number suffix सिद्धांता
Holdings
Withdrawn status Lost status Damaged status Not for loan Home library Current library Date acquired Source of acquisition Cost, normal purchase price Total Checkouts Full call number Barcode Date last seen Copy number Cost, replacement price Price effective from Koha item type
        Central Library Central Library 18/09/2015 Cen Lib/Ret 200.00   क सिद्धांता B-176437 18/09/2015 1 200.00 18/09/2015 Hindi Books

© Delhi Public Library
Hit Counter
free hit counter